• 首页
  • 本馆介绍
  • 公告通知
  • 最新文献
  • 馆藏检索
  • 电子资源
  • 读者导购
  • 参考咨询
  • 我的图书馆
  • 登录
  • 详细信息显示
  • 放入我的书架
  • 预约/预借图书
  • 作者相关作品
  • 分类相关作品
  • 丛书相关作品
  • 出版社相关作品

书目信息

  • 表格格式
  • 工作单格式
  • 卡片格式
题名:
论专业户
    
 
作者: ;中共中央书记处研究室经济组 编
分册:  
出版信息: 北京   经济科学出版社  1984.05
页数: 382页
开本: 19cm
丛书名:
单 册:
中图分类: F321.3
科图分类:
主题词: 农业经济--中国
电子资源:
ISBN:
000 00629nam0 2200205 45
001 0309090889
005 20031219104113.7
010    @dCNY1.85
091    @a4312.65
100    @a20030909d1984 km y0chiy0120 ea
101 0  @achi
105    @a z 000yy
200 1  @a论专业户@ALun Zhuan Ye Hu@f中共中央书记处研究室经济组编@FZhong Gong Zhong Yang Shu Ji Chu Yan Jiu Shi Jing Ji Zu Bian
210    @a北京@c经济科学出版社@d1984.05
215    @a382页@d19cm
606 0  @a农业经济@x中国
690    @aF321.3@v3
711 02 @a中共中央书记处研究室经济组@4编
801    @aCN@bTSTC@c20030909
905    @f2@b142998-999@f1@b142995@dF321.3@e15
    
    论专业户/中共中央书记处研究室经济组编.-北京:经济科学出版社,1984.05
    382页;19cm
    
    
    ISBN :CNY1.85
    
●
相关链接 在E读中查询图书 在五车中查询图书 在当当中查询图书 在豆瓣中查询图书


正题名:论专业户     索取号:F321.3/15         预约/预借

序号 登录号 条形码 馆藏地/架位号 状态 备注
1 0142995   001820159   密集书库/ [索取号:F321.3/15] 在馆    
2 0142996   000212326   第一样本阅览室/ [索取号:F321.3/15] 在馆    
3 0142997   000212282   第一借阅区/ [索取号:F321.3/15] 在馆    
4 0142998   001820220   密集书库/ [索取号:F321.3/15] 在馆    
5 0142999   001820211   密集书库/ [索取号:F321.3/15] 在馆    
唐山师范学院图书馆 欢迎您!
大连网信软件有限公司© 版权所有